Фокус-бокус (Запис номер 5118)
[ съкратено ]
| 000 -Лидер | |
|---|---|
| Контролно поле с фиксирана дължина | 01139nam a2200325 a 4500 |
| 003 - Код на организацията, давaща контролен номер | |
| Контролно поле | BLK |
| 005 - Дата и час на последна редакция | |
| Контролно поле | 20240123090744.0 |
| 008 - Елементи от данни с фиксирана дължина | |
| fixed length control field | 180412b bul|||||r ||||||| ||bul|| |
| 010 ## - Наследен системен номер | |
| LC control number | KNG00006299000 |
| 020 ## - Международен стандартен номер на книга ISBN | |
| Международен стандартен номер на книга ISBN | 954-516-043-8 |
| 040 ## - Източник на каталожния запис | |
| Идентификатор на билиотеката - собственик на записа | BLK |
| 041 ## - Код за език | |
| Код за езика на текст/звукозапис или на отделно заглавие | Български |
| Код за езика КДБФ | Български |
| 080 ## - УДК | |
| Текстов определител УДК | Американска литература (на САЩ) |
| УДК код - определител по УДК | 821.111(73) |
| УДК определител | -31 |
| УДК - код + определител | 821.111(73)-31 |
| 100 1# - Редна дума - Автор | |
| Автор | Вонегът, Кърт |
| Авторска отговорност | първи автор |
| R(LIN) | 243619 |
| 139 ## - Редно поле | |
| Редна дума | Вонегът, Кърт |
| Авторски знак | Волт - В 83 |
| 245 10 - Сведения за заглавието | |
| Заглавие | Фокус-бокус |
| Подзаглавни данни | Роман |
| Редно поле (дума) | Кърт Вонегът; прев. от англ. Ирина Ненчева Васева. |
| 257 ## - Страна на издаване | |
| Страна на създаване/издаване | Съединени американски щати |
| 260 ## - Област на издателските данни | |
| Място на издаване, разпространение и проч. | Пловдив |
| Име на издателя, разпространителя и проч. | Летера |
| Година на издаване | 1994 |
| Печатница | В. Търново : Абагар |
| 300 ## - Физическа характеристика | |
| Страници | 277 с. |
| Размери/Мащаб | 20 см |
| 380 ## - Жанр | |
| Жанр | Худож. лит. |
| 500 ## - Общи забележки | |
| Забележка | Ориг. загл. Hocus Pocus / Kurt Vonnegut |
| 700 1# - Други автори (авторска отговорност) | |
| Лично име | Васева, Ирина Ненчева |
| Автороска отговорност (Описва отношението между автора и произведението) | прев. от англ. |
| 9 (RLIN) | 249655 |
| 852 ## - Местоположение | |
| Форматна сигнатура | Цб 179384 |
| Фондова буква | Хранилище |
| 856 4# - Електронен адрес и достъп | |
| Електронен формат | pdf - файл |
| Път до файла /url/ | |
| 856 4# - Електронен адрес и достъп | |
| Електронен формат | pdf - файл |
| Път до файла /url/ | |
| 942 ## - АРТИКУЛИ | |
| Вид на библиотечния материал | Книги |
| Скрит в OPAC | Не |
| 944 ## - СЪЗДАВАНЕ И РЕДАКЦИЯ на ЗАПИСА | |
| Създаване/Редакция | Създаване |
| Дата на регистрацията/редакция | 15.01.2003 |
| Служител, извършил регистрацията/редакцията | 30534 |
| Статус, дата на статуса | Радостина Карадакова |
| 944 ## - СЪЗДАВАНЕ И РЕДАКЦИЯ на ЗАПИСА | |
| Създаване/Редакция | Редакция |
| Дата на регистрацията/редакция | 17.01.2011 |
| 999 ## - СИСТЕМНИ КОНТРОЛНИ НОМЕРА | |
| Koha biblionumber | 5118 |
| Koha biblioitemnumber | 5118 |
| 999 ## - СИСТЕМНИ КОНТРОЛНИ НОМЕРА | |
| Koha biblioitemnumber | 5118 |
| Код за отписване | Код за изгубен артикул | Източник на класификационната схема | Код за повреда | Коз за рестрикции | Код за отдаване | Артикулен № | Име на библиотеката - собственик | Име на библиотеката, в която се намира в момента | Статус (Текущо местоположение) | Дата на вписване в системата | Местоположение - отдел | Цена в лева | Инвентарен номер | Систематично азбучна сигнатура | Баркод | Номер на екземпляра | Цена в евро | Служебна бележка | Служебен тип на артикула |
|---|---|---|---|---|---|---|---|---|---|---|---|---|---|---|---|---|---|---|---|
| Не е изгубен | Universal Decimal Classification | Не е повреден | без рестрикции | ползва се в читалня | 9099 | Регионална библиотека "Любен Каравелов" Русе | Регионална библиотека "Любен Каравелов" Русе | Хранилище | 2001-01-01 | Хранилище | 0.26 | 610632 | Цб 179384 | 120000610632 | 1 | 0.13 | Дост: Dp Вид: Д N: 9 Дата: 01.01.1994 Дата инв: 31.07.2015 Бележки инв: Цб2015 | Книги | |
| Изтеглен | Не е изгубен | Universal Decimal Classification | Не е повреден | без рестрикции | заемане за дома | 9100 | Регионална библиотека "Любен Каравелов" Русе | Регионална библиотека "Любен Каравелов" Русе | Заемна - подръчен фонд | 1994-01-01 | Заемна - подръчен фонд | 2.58 | 607800 | П 820(73)-31/В 83 | 607800 | 2 | 1.32 | Дост: Pk Вид: Ф N: стар фонд Дата: 01.01.1994 | Книги |
| Изтеглен | Не е изгубен | Universal Decimal Classification | Не е повреден | без рестрикции | заемане за дома | 9101 | Регионална библиотека "Любен Каравелов" Русе | Регионална библиотека "Любен Каравелов" Русе | Заемна - подръчен фонд | 1994-01-01 | Заемна - подръчен фонд | 2.58 | 607801 | П 820(73)-31/В 83 | 607801 | 3 | 1.32 | Дост: Pk Вид: Ф N: стар фонд Дата: 01.01.1994 Дата инв: 14.02.2018 Бележки инв: П2018 | Книги |